Normal view
MARC view
Entry Personal Name
001 - CONTROL NUMBER
- control field: 1276
003 - CONTROL NUMBER IDENTIFIER
- control field: ARRUPE
005 - DATE AND TIME OF LATEST TRANSACTION
- control field: 20130925164536.0
008 - FIXED-LENGTH DATA ELEMENTS
- fixed length control field: 130925|| aca||aabn | a|a d
040 ## - CATALOGING SOURCE
- Original cataloging agency: ARRUPE
- Transcribing agency: ARRUPE
100 ## - HEADING--PERSONAL NAME
- Personal name: Jones, Cheslyn Peter Montague. [from old catalog]
670 ## - SOURCE DATA FOUND
- Source citation: Work cat.: (ARRUPE)0: Jones, Cheslyn Peter Montague. [from old catalog], A manual for Holy Week,, 1967.